Cargando...
| LEADER | 005400000a22001690004500 | ||
|---|---|---|---|
| 082 | |a 833 MAN/C 111 J5 | ||
| 100 | |a Lindley, Denver; Tr | ||
| 100 | |a Mann, Thomas | ||
| 245 | |a Confessions of Felix Krull confidence man (the early years) | ||
| 260 | |a New York, The Modern Library | ||
| 260 | |c 1955 | ||
| 465 | |a R 37.50 | ||
| 650 | |a German | ||
| 650 | |a Novel | ||
| 942 | |c BK | ||
| 999 | |c 13697 |d 13697 | ||
| 952 | |0 0 |1 0 |4 0 |6 833_MANC_111000000000000_J5 |7 0 |8 ENG |9 13498 |a MGUL |b MGUL |d 2013-07-16 |e R 37.50 |l 0 |o 833 MAN/C 111 J5 |p 00417 |r 2013-07-16 |w 2013-07-16 |y BK | ||